Oracle WebCenter 11g handbook : (Record no. 35244)

MARC details
000 -LEADER
fixed length control field 01314nam a22003257a 4500
005 - DATE AND TIME OF LATEST TRANSACTION
control field 20100413102526.0
008 - FIXED-LENGTH DATA ELEMENTS--GENERAL INFORMATION
fixed length control field 100413t xxu||||| |||| 00| 0 eng d
010 ## - LCCN (DPL NO)
LC control number ENG-96026
020 ## - INTERNATIONAL STANDARD BOOK NUMBER
International Standard Book Number 9780070701182
Terms of availability 625.00
020 ## - INTERNATIONAL STANDARD BOOK NUMBER
International Standard Book Number 0070701180
Terms of availability 625.00
035 ## - SYSTEM CONTROL NUMBER
System control number EN-79559
037 ## - SOURCE OF ACQUISITION
Source of stock number/acquisition DBAD/PUB
040 ## - CATALOGING SOURCE
Original cataloging agency DPL
082 ## - DEWEY DECIMAL CLASSIFICATION NUMBER
Classification number 006.76
100 ## - MAIN ENTRY--PERSONAL NAME
Personal name Desbiens, Frederic
245 ## - TITLE STATEMENT
Title Oracle WebCenter 11g handbook :
Statement of responsibility, etc by Frederic Desbiens, Peter Moskovits and Philipp Weckerle
Remainder of title build rich, customizable enterprise 2.0 applications
260 ## - PUBLICATION, DISTRIBUTION, ETC. (IMPRINT)
Place of publication, distribution, etc New Delhi
Name of publisher, distributor, etc Tatal Mcgraw Hill Education
Date of publication, distribution, etc 2010
270 ## - ADDRESS
Address 7, West Patel Nagar
City New Delhi
Postal code 110008
300 ## - PHYSICAL DESCRIPTION
Extent xxv, 498 p. :
Dimensions 28 cm. (Pbk)
Other physical details ill.
500 ## - GENERAL NOTE
General note Includes index
630 ## - SUBJECT ADDED ENTRY--UNIFORM TITLE
Uniform title Oracle (Computer file)
650 ## - SUBJECT ADDED ENTRY--TOPICAL TERM
Topical term or geographic name as entry element Internet programming.
650 ## - SUBJECT ADDED ENTRY--TOPICAL TERM
Topical term or geographic name as entry element Application software
General subdivision Development.
650 ## - SUBJECT ADDED ENTRY--TOPICAL TERM
Topical term or geographic name as entry element Web 2.0.
700 ## - ADDED ENTRY--PERSONAL NAME
Personal name Moskovits, Peter
700 ## - ADDED ENTRY--PERSONAL NAME
Personal name Weckerle, Philipp
942 ## - ADDED ENTRY ELEMENTS (KOHA)
Source of classification or shelving scheme Dewey Decimal Classification
Item type English Books
Call number suffix DES
Classification part 006.76
Holdings
Withdrawn status Lost status Source of classification or shelving scheme Materials specified (bound volume or other part) Damaged status Not for loan Collection code Home library Current library Date acquired Source of acquisition Cost, normal purchase price Total Checkouts Full call number Barcode Date last seen Copy number Cost, replacement price Koha item type
    Dewey Decimal Classification Pbk   Not For Loan Non-fiction D.B.Act.Division D.B.Act.Division 13/03/2010 DBAD/PUB 625.00   006.76 DES EN-79559 13/04/2010 1 625.00 English Books

© Delhi Public Library
Hit Counter
free hit counter